000
00268nam a2200097Ia 4500
001
779440
005
20250826165944.0
008
250824s9999 xx 000 0 und d
245
0
_a
HAK DİNİ KURAN DİLİ TEFSİRİ 6
_c
ELMALI M. HAMDİ YAZIR
260
_b
AKÇAĞ YAYINLARI
999
_c
779440
_d
779440